000 00895nam a22002417a 4500
008 090213t xxu||||| |||| 00| 0 eng d
010 _aENG-92965
020 _c70.00
_a8177356739
035 _aEN-76498
037 _bDBAD / PUB
040 _adpl
_bEnglish
082 _a306.0942
100 _aBuddhar, P.
245 _aSocial history of England /
_cby P. Buddhar
260 _aChennai
_bPavai Publications
_c2008
270 _a142, Jani Jan Khan Road, Royapettah,
_bChennai
_e600014
300 _a133p.
_c20cm (pbk)
650 _aSocial classes
_zEngland.
650 _aSocial Change.
651 _aGreat Britain
_xSocial conditions
_y20th century.
942 _2ddc
_cEN
_mBUD
_h306.0942
999 _c23616
_d23616